000
00512nam a2200145Ia 4500
008
151213s9999 xx 000 0 und d
100
_a
মোহীত উল আলম।
245
_a
মেীসুমের দূরে কাছে।
_c
মোহীত উল আলম।
260
_a
চট্টগ্রাম।
_b
আহার প্রকাশনী।
_c
1996
300
_a
8832 p.
650
_a
Bangla
650
_a
কবিতা
700
_a
মোহীত উল আলম।
999
_c
4617
_d
4617